Statistics for 2023 NBA Playoffs

Click here to take the quiz!

General Stats

  • This quiz has been taken 1,027 times
  • The average score is 14 of 16

Answers on the Map

Answers color-coded by a green-red scale on the quiz's map according to % correct below.
 

Answer Stats

Team% Correct
Denver Nuggets
99%
Miami Heat
99%
Boston Celtics
98%
Los Angeles Lakers
98%
Golden State Warriors
96%
Milwaukee Bucks
95%
Philadelphia 76ers
89%
Phoenix Suns
87%
Sacramento Kings
87%
Los Angeles Clippers
85%
New York Knicks
85%
Brooklyn Nets
83%
Atlanta Hawks
81%
Memphis Grizzlies
81%
Cleveland Cavaliers
79%
Minnesota Timberwolves
77%

Score Distribution

Percentile by Number Answered

Percent of People with Each Score

Your Score History

You have not taken this quiz